Cesty zdokonalenia postgraduálneho štúdia na vysokých školách ekonomických v ČSSR záverečná správa z čiastkovej úlohy RŠ V-08/03

Salvato in:
Dettagli Bibliografici
Autore principale: Vávra, Ferdinand
Natura: Libro
Lingua:slovacco
Pubblicazione: Bratislava VŠE 1985
Tags: Aggiungi Tag
Nessun Tag, puoi essere il primo ad aggiungerne!!

MARC

LEADER 00000nam a2200000 4500
001 c028341
005 20260326072937.0
041 0 |a slo 
044 |a SK 
245 1 0 |a Cesty zdokonalenia postgraduálneho štúdia na vysokých školách ekonomických v ČSSR  |b záverečná správa z čiastkovej úlohy RŠ V-08/03  |c Ferdinand Vávra a kol. 
264 1 |a Bratislava  |b VŠE  |c 1985 
300 |a 59 s. 
100 1 |a Vávra, Ferdinand